000 00757nam a22002777a 4500
001 0000501
003 KOHA_MİRAKIL
005 20260207001212.0
007 ta
008 081212b2006 tu |||gr||||#||||0|tur |
020 _a9755111700
_cYTL23,91
040 _aTR-BiSEU
_btur
_cTR-BiSEU
_erda
041 0 _atur
044 _ctu
050 _aTJ213
_b.S27 2006
100 1 _aSarıoğlu, Kemal.
245 1 _aOtomatik kontrol 1 - 2/
_cKemal Sarıoğlu ; Kemal Sarıoğlu.
264 1 _aİstanbul :
_bBirsen
_c2006
300 _a174 sayfa
336 _ametin
_btxt
_2rdacontent
337 _aaracısız
_bn
_2rdamedia
338 _acilt
_bnc
_2rdacarrier
650 0 _aOtomatik kontrol.
_91802
650 0 _aAutomatic control.
_92042
942 _2lcc
_cBK
999 _c502
_d502